Statistics for Donald Trump Decoder

Click here to take the quiz!

General Stats

  • This quiz has been taken 834 times
  • The average score is 15 of 22

Answer Stats

ClueAnswer% Correct
NIs his hair real?No
93%
MCountry that Trump doesn't likeMexico
92%
RHis partyRepublican
91%
CHis opponent (last name)Clinton
89%
IOne of his daughtersIvanka
87%
MHis wife (first name)Melania
87%
AFamous TV-ShowApprentice
82%
AThe first "A" in MAGAAmerica
80%
GCountry where his grandfather was fromGermany
78%
AThe second "A" in MAGAAgain
76%
AWhat he doesn't drinkAlcohol
75%
THis residence until 1/20/17Trump Tower
72%
EOne of his sonsEric
70%
IJanuary 20, 2017Inauguration Day
66%
QuoteMake America Great Again!
64%
EWas nominated twice for this awardEmmy award
56%
GHe owns 17 of theseGolf courses
42%
AOther word for ObamacareAffordable Care Act
42%
RIt is said that he is a....Racist
39%
KMuslim family which he offendedKhan
37%
AWhere his "Taj Mahal" stoodAtlantic City
35%
EHow the Trump Organization was called before 1971Elizabeth Trump & Son
6%

Score Distribution

Percentile by Number Answered

Percent of People with Each Score

Your Score History

You have not taken this quiz